000 00540nam a2200181 u 4500
001 000638374
003 AM-YeHGA
005 20250617140722.0
008 090304s1962 ||| r 000 0 rus d
040 _aAM-YeHGA
041 0 _arus
100 1 _aАгеев, Леонид Мартемьянович.
245 1 0 _aЗемля :
_bСтихи /
_cЛеонид Агеев.
260 _aМосква :
_bСов. писатель,
_c1962.
300 _a118 с.
653 0 _aРусская советская поэзия
090 _c226906
999 _c225365
_d225365